000
00248nam a2200109Ia 4500
008
191206s9999 xx 000 0 und d
020
_a
553211757
090
_a
PG3326P73
245
0
_a
Crime and Punishment
260
_a
Bantam Books
260
_c
c1958
999
_c
15752
_d
15752